| 000 | 02505nkm0a2200469 4500 | ||
|---|---|---|---|
| 001 | RU\NLR\BIBL_A\022553414 | ||
| 005 | 20260204000000.0 | ||
| 035 | _a(NLR Aleph) 022553414 | ||
| 071 | 5 | 0 |
_d5 р. _94000 |
| 090 |
_a88388 _c88388 |
||
| 100 | _a20250529d1945 u y0rusy50 ca | ||
| 101 | 0 | _arus | |
| 102 | _aRU | ||
| 116 | _a|iycxx bf ad | ||
| 135 | _acrcn 024anaba | ||
| 181 | 0 |
_ab4 _bxb2e |
|
| 182 | 0 | _an | |
| 200 | 1 |
_aВсе силы на восстановление Сталинграда! _e[плакат] _fхудожник Н. Н. Скоков |
|
| 203 |
_aИзображение _bнеподвижное _bдвухмерное _bвизуальное _cнепосредственное |
||
| 210 |
_aСталинград _cобластное книгоиздательство _d1945 _eАстрахань _gтипо-литография изд-ва "Волга" |
||
| 215 |
_a1 л. _cхромолитогр. _d46х30 |
||
| 300 | _aВ вып. данных: Сдано в производство 16/X 1944 г. Печатных листов 1/2; Яе - 00169; Заказ № 3044 | ||
| 325 | _aКопия доступна в Электрон. б-ке РНБ | ||
| 327 | 0 | _aНа переднем плане женщина - рабочий, на заднем плане транспарант с текстом: "Мы возрадим тебя, родной Сталинград!" | |
| 606 | 1 |
_aПлакат русский советский _z1941 - 1945 _2nlr_sh2 _3RU\NLR\AUTH\661423877 |
|
| 606 | 1 |
_aВеликая Отечественная война _z1941 - 1945 _jПлакаты _2nlr_sh1 _2nlr_sh2 _3RU\NLR\AUTH\668893 |
|
| 607 |
_aСталинград, город _xВосстановление _z1943 - 1951 _jПлакаты _2nlr_sh2 _3RU\NLR\AUTH\661478328 |
||
| 686 | _aЩ153(2Р=Рус)7-466 | ||
| 700 | 1 |
_aСкоков _bН. Н. _f1916-1987 _gНиколай Николаевич _4040 |
|
| 852 | 0 | 0 |
_aNLR _bЭ _jПлИр995/4-253 _mЭ044978 |
| 856 | 0 | _uhttps://vivaldi.nlr.ru/la700001265/view | |
| 856 | 1 | _uhttps://vivaldi.nlr.ru/la700001265/cover | |
| 856 | 2 | _uhttps://vivaldi.nlr.ru/la700001265/text | |
| 942 | _cVISUAL | ||
| 945 | _aРоссийская национальная библиотека | ||
| 980 | _aNB | ||
| 980 | _aBV | ||
| 981 | 1 | 7 |
_a(17) Изографические материалы _b(17) Плакаты |